[Event "Faculdade Crista da Amazonia op 16th"]
[Site "Faculdade Crista da Amazonia"]
[Date "2021.08.29"]
[Round "5"]
[White "Lamarao, Diego Ferreira"]
[Black "Gregorio, Joanderson Olimpio"]
[Result "1-0"]
[WhiteElo "1795"]
[BlackElo "1789"]
[PlyCount "66"]
[EventDate "2021.08.27"]
[EventType "swiss"]
[EventRounds "5"]
[EventCountry "BRA"]
[SourceTitle "CBM 204 Extra"]
[Source "ChessBase"]
[SourceDate "2021.11.30"]
[SourceVersion "1"]
[SourceVersionDate "2021.11.30"]
[SourceQuality "1"]

1. e4 c5 2. Nf3 d6 3. d4 cxd4 4. Nxd4 Nf6 5. Nc3 a6 6. Bg5 Nbd7 7. Bd3 h6 8. Be3 g6 9. Qd2 Ng4 10. Na4 Nxe3 11. fxe3 b5 12. Nc3 e6 13. Qf2 Ne5 14. 0-0 Bb7 15. Ncxb5 Bg7 16. Nc3 0-0 17. Be2 Qb6 18. Rab1 Rac8 19. Qg3 Nc4 20. Rfd1 e5 21. Bxc4 exd4 22. Nd5 Bxd5 23. Bxd5 dxe3 24. Rd3 Rxc2 25. Bb3 e2+ 26. Kh1 Rc5 27. Rxd6 Rc6 28. Rd2 Rfc8 29. Rxe2 Qb5 30. Ree1 Be5 31. Qf2 Rf6 32. Qe3 Kg7 33. Qe2 Rf1+ 1-0

[Event "Bairro Buritizal Amapaense-ch"]
[Site "Bairro Buritizal"]
[Date "2021.06.25"]
[Round "1"]
[White "Lamarao, Diego Ferreira"]
[Black "Alves, Josue Pires"]
[Result "0-1"]
[WhiteElo "1800"]
[BlackElo "1726"]
[PlyCount "102"]
[EventDate "2021.06.25"]
[EventType "swiss"]
[EventRounds "5"]
[EventCountry "BRA"]
[SourceTitle "EXT 2022"]
[Source "ChessBase"]
[SourceDate "2021.10.06"]
[SourceVersion "1"]
[SourceVersionDate "2021.10.06"]
[SourceQuality "1"]

1. e4 d5 2. exd5 Qxd5 3. c4 Qe6+ 4. Be2 Qg6 5. Bf3 Nc6 6. Ne2 Bg4 7. Bxg4 Qxg4 8. 0-0 0-0-0 9. b3 e5 10. a3 h5 11. h3 Qf5 12. Ng3 Qg6 13. Qf3 Nd4 14. Qd1 h4 15. Ne2 f5 16. Nxd4 exd4 17. Qf3 Nf6 18. d3 Nh5 19. Re1 Bd6 20. b4 Rde8 21. Rxe8+ Rxe8 22. Kf1 Qe6 23. Bd2 g6 24. c5 Bf4 25. a4 Qb3 26. Bxf4 Qb2 27. Qd1 Qxa1 28. Bg5 f4 29. Qc2 Re5 30. Bh6 g5 31. b5 f3 32. gxf3 Nf4 33. Qb3 Nd5 34. c6 b6 35. f4 gxf4 36. Bxf4 Rf5 37. Bc1 Kd8 38. Bd2 Ke7 39. Ke2 Ke6 40. f4 Rf7 41. Kf3 Rg7 42. Ke4 Kf6 43. Qxd5 Re7+ 44. Kf3 Qxb1 45. Qxd4+ Kf7 46. Qd5+ Re6 47. f5 Qh1+ 48. Kg4 Qxd5 49. fxe6+ Kxe6 50. Kxh4 Kf5 51. Kh5 Qxd3 0-1